Интегрированный курс английского языка для подготовки к профильным экзаменам. Excellence in Exams | Федеральное государственное автономное образовательное учреждение высшего образовнаия "Московский государственный институт международных отношений (университет) Министерства иностранных дел Российской Федерации", Кафедра английского языка № 2 (Запись № 11939219)

Подробности
000 -МАРКЕР
контрольное поле 02528nam0a2200373 4500
001 - ИДЕНТИФИКАТОР ЗАПИСИ
контрольное поле RU\NLR\BIBL_A\011815864
005 - ИДЕНТИФИКАТОР ВЕРСИИ
контрольное поле 20181026155129.0
010 ## - МЕЖДУНАРОДНЫЙ СТАНДАРТНЫЙ НОМЕР КНИГИ (ISBN)
Номер (ISBN) 978-5-9228-1930-5
Тираж 100
021 ## - НОМЕР ГОСУДАРСТВЕННОЙ РЕГИСТРАЦИИ
Код страны Российская Федерация
Номер КН-П-18-067296
Номер Листа государственной регистраци КН-П-18-4848
035 ## - ДРУГИЕ СИСТЕМНЫЕ НОМЕРА
Идентификатор записи (NLR Aleph) 011815864
035 ## - ДРУГИЕ СИСТЕМНЫЕ НОМЕРА
Идентификатор записи (RuMoRGB)009740264
100 ## - ДАННЫЕ ОБЩЕЙ ОБРАБОТКИ
Данные общей обработки 20181009d2018 um y0rusy50 ca
101 0# - ЯЗЫК РЕСУРСА
Язык текста, звукозаписи и т.д. русский
-- английский
102 ## - СТРАНА ПУБЛИКАЦИИ ИЛИ ПРОИЗВОДСТВА
Страна публикации Российская Федерация
105 ## - ПОЛЕ КОДИРОВАННЫХ ДАННЫХ: ТЕКСТОВЫЕ МАТЕРИАЛЫ, МОНОГРАФИЧЕСКИЕ
Кодированные данные о монографическом текстовом документе a|||j|||000zy
200 1# - ЗАГЛАВИЕ И СВЕДЕНИЯ ОБ ОТВЕТСТВЕННОСТИ
Основное заглавие Интегрированный курс английского языка для подготовки к профильным экзаменам. Excellence in Exams
Сведения, относящиеся к заглавию учебное пособие
Первые сведения об ответственности А. А. Петрова, Е. М. Караваева
Последующие сведения об ответственности под редакцией Л. С. Пичковой
Основное заглавие Федеральное государственное автономное образовательное учреждение высшего образовнаия "Московский государственный институт международных отношений (университет) Министерства иностранных дел Российской Федерации", Кафедра английского языка № 2
210 ## - ПУБЛИКАЦИЯ, РАСПРОСТРАНЕНИЕ И ДР.
Место издания, распространения и т.д. Москва
Имя издателя, распространителя и т. д. МГИМО-Университет
Дата издания, распространения и т.д. 2018
215 ## - ФИЗИЧЕСКАЯ ХАРАКТЕРИСТИКА
Специфическое обозначение материала и объем 467, [1] с.
Другие сведения о физической характеристике ил., табл.
Размеры 29
225 1# - СЕРИЯ
Основное заглавие серии Библиотека абитуриента МГИМО
Сведения об ответственности ред. совет: А.В. Торкунов (пред.) [и др.]
300 ## - ОБЩИЕ ПРИМЕЧАНИЯ
Текст примечания Загл. корешка: Интегрированный курс английского языка
516 1# - ЗАГЛАВИЕ НА КОРЕШКЕ [ИЗДАНИЯ]
Заглавие на корешке Интегрированный курс английского языка
517 1# - ДРУГИЕ ВАРИАНТЫ ЗАГЛАВИЯ
Вариант заглавия Exellence in Exams
606 1# - НАИМЕНОВАНИЕ ТЕМЫ КАК ПРЕДМЕТ
Наименование темы Английский язык
Формальный подзаголовок Учебные издания для поступающих в высшие учебные заведения
Код системы nlr_sh2
Идентификатор авторитетной/нормативной записи RU\NLR\AUTH\6646032
606 1# - НАИМЕНОВАНИЕ ТЕМЫ КАК ПРЕДМЕТ
Наименование темы Английский язык
Формальный подзаголовок Учебные издания для специализированных учебных заведений
Код системы nlr_sh2
Идентификатор авторитетной/нормативной записи RU\NLR\AUTH\6646032
686 1# - ИНДЕКСЫ ДРУГИХ КЛАССИФИКАЦИЙ
Индекс Ш143.21-93рус53
686 3# - ИНДЕКСЫ ДРУГИХ КЛАССИФИКАЦИЙ
Индекс Ш143.21-93рус221[11]
700 #1 - ИМЯ ЛИЦА - ПЕРВИЧНАЯ ОТВЕТСТВЕННОСТЬ
Начальный элемент ввода Тарновская
Часть имени, кроме начального элемента ввода М. Л.
Расширение инициалов личного имени Марина Леонидовна
Идентификатор авторитетной/нормативной записи RU\NLR\AUTH\7741004
701 #1 - ИМЯ ЛИЦА - АЛЬТЕРНАТИВНАЯ ОТВЕТСТВЕННОСТЬ
Начальный элемент ввода Караваева
Часть имени, кроме начального элемента ввода Е. М.
Расширение инициалов личного имени Екатерина Михайловна
942 ## - ДОПОЛНИТЕЛЬНЫЕ ЭЛЕМЕНТЫ ЗАПИСИ (АБИС)
Тип экземпляра АБИС Книга
980 ## - КОЛЛЕКЦИЯ
Название коллекции НБР
980 ## - КОЛЛЕКЦИЯ
Название коллекции Национальная библиография

Нет доступных экземпляров.